Adaptation of UFORE-Hydro model for Szeged and the southern region of the Great Hungarian Plain based on local meteorological database

Elmentve itt :
Bibliográfiai részletek
Szerzők: Csete Ákos Kristóf
Gulyás Ágnes
Dokumentumtípus: Cikk
Megjelent: 2020
Sorozat:ACTA CLIMATOLOGICA 54 No. 1
doi:10.14232/acta.clim.2020.54.1

mtmt:31326659
Online Access:http://publicatio.bibl.u-szeged.hu/19986
LEADER 00885nab a2200205 i 4500
001 publ19986
005 20201204131608.0
008 201204s2020 hu o 0|| zxx d
022 |a 0563-0614 
024 7 |a 10.14232/acta.clim.2020.54.1  |2 doi 
024 7 |a 31326659  |2 mtmt 
040 |a SZTE Publicatio Repozitórium  |b hun 
041 |a zxx 
100 1 |a Csete Ákos Kristóf 
245 1 0 |a Adaptation of UFORE-Hydro model for Szeged and the southern region of the Great Hungarian Plain based on local meteorological database  |h [elektronikus dokumentum] /  |c  Csete Ákos Kristóf 
260 |c 2020 
300 |a 5-17 
490 0 |a ACTA CLIMATOLOGICA  |v 54 No. 1 
700 0 1 |a Gulyás Ágnes  |e aut 
856 4 0 |u http://publicatio.bibl.u-szeged.hu/19986/1/Csete_Gulyas_Adaptationofufore-hydromodelforSzegedandthesouthernregionoftheGreatHungarianPlainbasedonlocalmeteorologicaldatabase.pdf  |z Dokumentum-elérés